00590nam a2200193Ia 4500008004100000020001800041082001400059100002200073245001900095250000800114260003800122300002400160500001900184600002000203650002000223942000700243952012900250999001700379240925s9999 xx 000 0 und d a9788131719480 a338.5 HUB aHubbard, R. Glenn 0aMicroeconomics a1st aNew Delhi:bPrentice Hallc,2008. a355p.bNAfOriginal aIncludes Index aSocial Sciences aSocial Sciences cBK 001040708SSaUITUbUITUd2018-12-12eCitizen Book Shopg350.00l0o338.5 HUBpQ12213r2024-09-25 07:16:22w2024-09-25yBK c14712d14712